000 00330nam a2200133Ia 4500
008 140316s9999 xx 000 0 und d
082 _a413
_bSUR/MA.1
100 _a
245 _aMalayalam lexicon . V . 1
260 _a
_bThe university of Kerala
_c1965
300 _a902
700 _aSurenand Kunjan pillai
942 _2ddc
_cREF
999 _c18635
_d18635